Defunct Disneyland Rides Quiz - Statistics

General Stats
  • This quiz has been taken 21 times
  • The average score is 3 of 14
Answer Stats
Manufacturer/Designer Years of operation Answer % Correct
Walt Disney Imagineering 1967-1995 PeopleMover
82%
Walt Disney Imagineering 1998-2000 Rocket Rods
47%
WED Enterprises 1956-1977 (upgraded 1960) Rainbow Caverns Mine Train
41%
WED Enterprises 1959-1998 Submarine Voyage
29%
WED Enterprises 1957-1991 Motor Boat Cruise
18%
Arrow Development/WED Enterprises 1967-1985 Adventure Thru Inner Space
12%
Arrow Development 1959-1999 Fantasyland Autopia
12%
Arrow Development 1956-1958 Junior Autopia
12%
Arrow Development 1957-1966 Midget Autopia
12%
? 1956-1994 1996-1997 Mike Fink Keel Boats
12%
Rediffusion Simulation 1986-2010 Star Tours
12%
? 1955-1956 Tomorrowland Boats
12%
Klaus Company 1956-1977 Astro Jets
6%
Arrow Development 1955-1999 Tomorrowland Autopia
6%
No matching quizzes found
Score Distribution
Percent of People with Each Score
Percentile by Number Answered
Your Score History
You have not taken this quiz